000 00533 a2200181 4500
020 _a0521236800
040 _aDLC
_bDLC
082 0 _a515.35
100 1 0 _aPercival, Ian,
245 1 0 _aIntroduction to dynamics
_cIan Percival, Derek Richards.
260 0 _aCambridge ;
_aNew York :
_bCambridge University Press,
_c1982.
300 _a228 p. :
_bill. ;
_c24 cm.
500 _aIncludes index.
650 0 _aDifferentiable dynamical systems.
650 0 _aHamiltonian systems.
700 1 0 _aRichards, Derek.
942 _cBK
_k531 PER
_2ddc
999 _c8965
_d8965